| 000 | 01038nas a2200337 4500 | ||
|---|---|---|---|
| 001 | BR2013008436 | ||
| 003 | BR-BrBNA | ||
| 005 | 20231205123135.0 | ||
| 007 | ta | ||
| 008 | 230509b bl.|||p| |||| 00| 00por d | ||
| 040 |
_aBR-BrBNA _bpor _cBiblioteca Nacional de Agricultura |
||
| 041 | _a(Pt) | ||
| 072 | _aL72; L70 | ||
| 100 | 1 | _aTerassani, E. | |
| 100 | 1 | _aSantos, H.J. dos | |
| 100 | 1 | _aSilva, I.D. da | |
| 100 | 1 | _aCardoso, B.K. | |
| 100 | 1 | _aSouza, S.G.H. de | |
| 100 | 1 | _aGazim, Z.C. | |
| 245 | 1 | _aEfeito do extrato de Azadirachta indica em carrapatos (Rhipicephalus (Boophiluis)Microplus) | |
| 650 | _aPECUARIA | ||
| 650 | _aBOVINO LEITEIRO | ||
| 650 | _aCARRAPATO | ||
| 650 | _aAZEDINHA INDICA | ||
| 650 | _aPARASITO DE ANIMAL | ||
| 650 | _aVETERINÁRIA | ||
| 650 | _aEXTRATO VEGETAL | ||
| 773 | 0 |
_tArquivos de Ciências Veterinárias e Zoologia da Unipar (Brazil) _xISSN 1415-8167 _g(Jul-Dec 2012), v. 15(2) p. 197-200 _wBR2013008436 |
|
| 909 |
_a202311 _bLúcia _c55 _dLúcia Elande |
||
| 942 |
_2AGRIS _n0 _cANA |
||
| 999 |
_c232368 _d232368 |
||